000 00666nam a22001337a 4500
040 _cRUA
082 _aLMA OEU 2024 B1-398 Or.1
100 _aORUENG SREYLEAB អឿង ស្រីលាប
245 _aSTUDY ON THE TRANSFER OF REAL ESTATE IN CHAMPEI COMMUNE, BATI DISTRICT, TAKEO PROVINCE សិក្សាអំពីការផ្ទេរសិទ្ធិលើអចលនវត្ថុ នៅឃុំចំបុី ស្រុកបាទី ខេត្តតាកែវ
260 _aRUA
_bPHNOM PENH
_c2024
300 _ax
_bill
_c29cm
856 _uhttps://drive.google.com/file/d/1HkIUGaiVOHU9e9I2h6KPiG6H8CIA_0EM/view?usp=sharing
942 _cLMA
999 _c24912
_d24912